000 00308nam a22001217a 4500
999 _c5070
_d5070
008 250516b ||||| |||| 00| 0 eng d
020 _a9781502621429
082 _a944 KLE
100 _aKLEPEIS,ALICIA Z
_eAUTHOR
245 _aFRANCE
260 _aNEW YORK
_bCAVENDISH SQUARE PUBLISHING LLC
_c2017
942 _2ddc